Подробности
| 000 -МАРКЕР |
| контрольное поле |
02162nam0a2200349 4500 |
| 001 - ИДЕНТИФИКАТОР ЗАПИСИ |
| контрольное поле |
RU\NLR\BIBL_A\010346805 |
| 005 - ИДЕНТИФИКАТОР ВЕРСИИ |
| контрольное поле |
20260405144821.0 |
| 010 ## - МЕЖДУНАРОДНЫЙ СТАНДАРТНЫЙ НОМЕР КНИГИ (ISBN) |
| Номер (ISBN) |
5-85979-011-2 |
| Тираж |
3000 |
| 035 ## - ДРУГИЕ СИСТЕМНЫЕ НОМЕРА |
| Идентификатор записи |
(NLR Aleph) 010346805 |
| 100 ## - ДАННЫЕ ОБЩЕЙ ОБРАБОТКИ |
| Данные общей обработки |
20140424d1998 |||y0rusy50 ca |
| 101 0# - ЯЗЫК РЕСУРСА |
| Язык текста, звукозаписи и т.д. |
русский |
| 102 ## - СТРАНА ПУБЛИКАЦИИ ИЛИ ПРОИЗВОДСТВА |
| Страна публикации |
Российская Федерация |
| 105 ## - ПОЛЕ КОДИРОВАННЫХ ДАННЫХ: ТЕКСТОВЫЕ МАТЕРИАЛЫ, МОНОГРАФИЧЕСКИЕ |
| Кодированные данные о монографическом текстовом документе |
y ||z||||00yy |
| 200 1# - ЗАГЛАВИЕ И СВЕДЕНИЯ ОБ ОТВЕТСТВЕННОСТИ |
| Основное заглавие |
Нарушение обмена электролитов и эссенциальных микроэлементов при синдроме длительного сдавления на фоне артериальной гипертензии |
| Первые сведения об ответственности |
А.В. Ефремов, А.Р. Антонов, В. Берген [и др.] |
| 210 ## - ПУБЛИКАЦИЯ, РАСПРОСТРАНЕНИЕ И ДР. |
| Место издания, распространения и т.д. |
Новосибирск |
| Имя издателя, распространителя и т. д. |
[б.и.] |
| Дата издания, распространения и т.д. |
1998 |
| 215 ## - ФИЗИЧЕСКАЯ ХАРАКТЕРИСТИКА |
| Специфическое обозначение материала и объем |
122 с. |
| Другие сведения о физической характеристике |
ил. |
| Размеры |
20 |
| 320 ## - ПРИМЕЧАНИЯ О НАЛИЧИИ В ДОКУМЕНТЕ БИБЛИОГРАФИИ / УКАЗАТЕЛЯ |
| Текст примечания |
Библиогр.: с. 95-121 |
| 606 1# - НАИМЕНОВАНИЕ ТЕМЫ КАК ПРЕДМЕТ |
| Наименование темы |
Электролиты |
| Тематический подзаголовок |
Обмен в организме |
| -- |
Нарушения при гипертонической болезни |
| Системный номер авторитетной/нормативной записи |
2183369 |
| Идентификатор авторитетной/нормативной записи |
RU\NLR\AUTH\6601549258 |
| 606 1# - НАИМЕНОВАНИЕ ТЕМЫ КАК ПРЕДМЕТ |
| Наименование темы |
Электролиты |
| Тематический подзаголовок |
Обмен в организме |
| -- |
Нарушения при травматическом токсикозе |
| Системный номер авторитетной/нормативной записи |
2183366 |
| Идентификатор авторитетной/нормативной записи |
RU\NLR\AUTH\6601549256 |
| 606 1# - НАИМЕНОВАНИЕ ТЕМЫ КАК ПРЕДМЕТ |
| Наименование темы |
Микроэлементы |
| Тематический подзаголовок |
Обмен в организме |
| -- |
Нарушения при гипертонической болезни |
| Системный номер авторитетной/нормативной записи |
2183372 |
| Идентификатор авторитетной/нормативной записи |
RU\NLR\AUTH\6601549260 |
| 606 1# - НАИМЕНОВАНИЕ ТЕМЫ КАК ПРЕДМЕТ |
| Наименование темы |
Микроэлементы |
| Тематический подзаголовок |
Обмен в организме |
| -- |
Нарушения при травматическом токсикозе |
| Системный номер авторитетной/нормативной записи |
2183371 |
| Идентификатор авторитетной/нормативной записи |
RU\NLR\AUTH\6601549259 |
| 606 1# - НАИМЕНОВАНИЕ ТЕМЫ КАК ПРЕДМЕТ |
| Наименование темы |
Травматический токсикоз при гипертонической болезни |
| Системный номер авторитетной/нормативной записи |
2183373 |
| Идентификатор авторитетной/нормативной записи |
RU\NLR\AUTH\6601549261 |
| 686 1# - ИНДЕКСЫ ДРУГИХ КЛАССИФИКАЦИЙ |
| Индекс |
Р458.1-7 |
| 686 1# - ИНДЕКСЫ ДРУГИХ КЛАССИФИКАЦИЙ |
| Индекс |
Р410.030-37 |
| 701 #1 - ИМЯ ЛИЦА - АЛЬТЕРНАТИВНАЯ ОТВЕТСТВЕННОСТЬ |
| Графика поля |
Кириллица |
| Материалы, к которым относится поле |
rus |
| Начальный элемент ввода |
Ефремов |
| Часть имени, кроме начального элемента ввода |
А. В. |
| Дополнения к именам, кроме дат |
д-р мед. наук |
| Расширение инициалов личного имени |
Анатолий Васильевич |
| Системный номер авторитетной/нормативной записи |
43281 |
| Идентификатор авторитетной/нормативной записи |
RU\NLR\AUTH\7760350 |
| 701 #1 - ИМЯ ЛИЦА - АЛЬТЕРНАТИВНАЯ ОТВЕТСТВЕННОСТЬ |
| Графика поля |
Кириллица |
| Материалы, к которым относится поле |
rus |
| Начальный элемент ввода |
Антонов |
| Часть имени, кроме начального элемента ввода |
А. Р. |
| Дополнения к именам, кроме дат |
д-р мед. наук |
| Даты |
1961- |
| Расширение инициалов личного имени |
Александр Рудольфович |
| Системный номер авторитетной/нормативной записи |
19567 |
| Идентификатор авторитетной/нормативной записи |
RU\NLR\AUTH\7736577 |
| 701 #1 - ИМЯ ЛИЦА - АЛЬТЕРНАТИВНАЯ ОТВЕТСТВЕННОСТЬ |
| Начальный элемент ввода |
Берген |
| Часть имени, кроме начального элемента ввода |
В. |
| 942 ## - ДОПОЛНИТЕЛЬНЫЕ ЭЛЕМЕНТЫ ЗАПИСИ (АБИС) |
| Тип экземпляра АБИС |
Книга |
| 980 ## - КОЛЛЕКЦИЯ |
| Название коллекции |
Национальная библиография |